000 00708nam a22002177a 4500
999 _c5768
_d5768
003 AR-CdUCM
008 190313b ||||| |||| 00| 0 spa d
040 _aMUNICIPALIDAD PROVINCIAL DEL CUSCO
_cBIBLIOTECA MUNICIPAL DEL CUSCO
082 _a985.62 /
_bC93
100 _aCuentas, J. Alberto
_917145
245 _aFundación de Juli /
260 _aLima :
_bLos Andes ,
_c1968.
300 _a72 páginas ;
_bilustraciones,
_c25 cm.
505 _aContenido : Obras del autor -- Presentación de la cultura Kolla -- El poema de Juli...
650 _aPuno-Perú
_917146
650 _aAsunción
_917147
650 _aAlcalde de Juli
_917148
650 _aHistoria
_9136
942 _2ddc
_cLIBROS
945 _aLiseth